Bienvenue à la Médiathèque de Saint-Andiol
banniere
Accueil Recherche avancée Mon compte
handi1 Rechercher dans le catalogue

Filtre   Mots-clés
  Recherche avancée
 
Lister les dernières nouveautés
 
Lister les livres GROS CARACTERES
 
Lister les périodiques (magazines)

handi1 parenthèse d'oubli (La)

Book Cover
Auteur principal : Joris Chamblain
Autres auteurs : Aurélie Neyret
Titre : parenthèse d'oubli (La)
Support : Livres
Langue : Francais
Publié : DL 2024 Editions Oxymore Paris
Series : Les carnets de Cerise
Genre : Bande Dessinée (enfants)
Collection : Les carnets de Cerise
Sujets :
Étiquettes :
Pas de tags
LEADER 01566nam0a2200229 450
001 16868351
010 |a 978-2-38561-072-2  |b rel.  |d 16,5 € 
100 |a 20260529d2026 u u0frey01 ba 
101 0 |a fre 
102 |a FR 
200 0 |a parenthèse d'oubli (La)  |f Joris Chamblain, Aurélie Neyret 
207 1 |a   
210 |a Paris  |c Editions Oxymore  |d DL 2024 
215 |a 1 vol. (75 p.)  |c ill. en coul.  |d 30 cm 
225 1 |a Les carnets de Cerise  |v tome 
330 |a Cerise rêve de devenir romancière et écrit déjà ses carnets. Son sujet favori : les gens, et surtout les adultes, qu’elle a toujours aimé observer pour tenter de deviner leurs secrets. La raison de cet intérêt a été dévoilée avec émotion à la fin du premier cycle. Dans ce nouvel opus, Cerise et sa famille recomposée, parties pour un voyage autour du monde, visitent notamment l’Europe, l’Afrique, l’Amérique du Sud, ou encore le Sahara… Au cours de ce périple, Cerise se confronte à ses dragons intérieurs, découvre la force de l’entraide et du partage et cultive même sa conscience écologique. Chacun apprend à composer, dans l’échange et le silence, pour trouver sa place et finalement s’apprivoiser. Un grand voyage qui, par ses thèmes, touchera les consciences et les coeurs. 
461 0 |t Les carnets de Cerise  |v 6 
700 0 |a Chamblain  |b Joris  |f 1984-....  |4 70 
701 0 |a Neyret  |b Aurélie  |f 1983-....  |4 70 
900 |a Bande Dessinée (enfants) 
901 |a Jeunesse 
995 |a Médiathèque  |c Médiathèque  |f 089021909  |h 089021909  |k BD CAR  |o p  |q j  |r az  |e Médiathèque